Southville International School and Colleges
Your cart is empty.
  • Cart
  • Lists
    Public lists Eva Luna New books Lux_list list_1
    Your lists Log in to create your own lists
  • Log in to your account
  • Your cookies
  • Search history
Southville International School and Colleges
  • Advanced search
  • Recent comments
  • Most popular
  • Libraries

Log in to your account

Log in with GOOGLE


If you do not have an external account, but do have a local account, you can still log in:

  1. Home
  2. MARC view: Nicole digs a hole /
Normal view MARC view ISBD view

Nicole digs a hole / (Record no. 103559)

[ view plain ]
MARC details
000 -LEADER
fixed length control field 00590nam a2200181 a 4500
005 - DATE AND TIME OF LATEST TRANSACTION
control field 20140412111304.0
008 - FIXED-LENGTH DATA ELEMENTS--GENERAL INFORMATION
fixed length control field 010419s19uu xx 00 eng d
020 ## - INTERNATIONAL STANDARD BOOK NUMBER
International Standard Book Number 0-88743-420-7
050 ## - LIBRARY OF CONGRESS CALL NUMBER
Classification number TR(PS E
Item number Ni55 1992
100 ## - MAIN ENTRY--PERSONAL NAME
Personal name Gregorich, Barbara
245 ## - TITLE STATEMENT
Title Nicole digs a hole /
Statement of responsibility, etc story by Barbara Gregorich; illustrations Nan Books; coloring Gail L. Suess.
260 ## - PUBLICATION, DISTRIBUTION, ETC. (IMPRINT)
Place of publication, distribution, etc [s.l.] :
Name of publisher, distributor, etc School Zone Publishing Comp,
Date of publication, distribution, etc 1992.
300 ## - PHYSICAL DESCRIPTION
Extent 31p. ; ill.
440 ## - SERIES STATEMENT/ADDED ENTRY--TITLE
Title School Zone, level 2 (ages 4-7)
650 ## - SUBJECT ADDED ENTRY--TOPICAL TERM
Topical term or geographic name as entry element Reading-study and teaching
650 ## - SUBJECT ADDED ENTRY--TOPICAL TERM
Topical term or geographic name as entry element Children stories
Holdings
Withdrawn status Lost status Damaged status Use restrictions Home library Current library Shelving location Date acquired Source of acquisition Total Checkouts Full call number Barcode Date last seen Price effective from Koha item type
        Elizalde Library Elizalde Library Teachers Reference Section 04/19/2001     TR(PS E Ni55 1992 E5276 04/12/2014 04/12/2014 Books

Nicole digs a hole /

APA

Gregorich B., . (1992). Nicole digs a hole. [s.l.]: School Zone Publishing Comp.

Chicago

Gregorich Barbara, . 1992. Nicole digs a hole. [s.l.]: School Zone Publishing Comp.

Harvard

Gregorich B., . (1992). Nicole digs a hole. [s.l.]: School Zone Publishing Comp.

MLA

Gregorich Barbara, . Nicole digs a hole. [s.l.]: School Zone Publishing Comp. 1992.

  • Place hold
  • Print
  • Cite
  • Add to your cart (remove)
  • Save record
    BIBTEX Dublin Core MARCXML MARC (non-Unicode/MARC-8) MARC (Unicode/UTF-8) MARC (Unicode/UTF-8, Standard) MODS (XML) RIS
  • More searches
    Search for this title in:
    Other Libraries (WorldCat) Other Databases (Google Scholar) Online Stores (Bookfinder.com) Open Library (openlibrary.org)

Exporting to Dublin Core...

SOUTHVILLE LIBRARY

Southville International School and Colleges Library

1281 Tropical Ave. Cor. Luxembourg St., BF Homes International, Las Pinas City

Tel. No. 8256374 / 252358 Loc. 117/146

Powered by Koha